00415nam a2200157Ia 45000010006000000050017000060080041000230410008000640820015000721000045000872450072001322600009002043000028002136500008002416540008002491748020260306171520.0260306s9999||||xx |||||||||||||| ||und|| aESP aS 658bM66 aMiyashiro Miyashiro, Isabel (Comp.)eAUT 0aCasos en administración de organizaciones que operan en el Perú c1997 a102 páginas :c20 cm. aGEN aCAN